| 000 | 00611nab a2200217 a 4500 | ||
|---|---|---|---|
| 005 | 20210219155957.0 | ||
| 008 | 991125s1985 mx 000 0 spa u | ||
| 035 | _aUPN01000155915 | ||
| 100 | 1 | _aMoreno, Marta | |
| 222 | _aREVISTA DE PSICOLOGIA SOCIAL | ||
| 245 | _aDilemas sociales y transporte urbano | ||
| 260 | _aMadrid, España | ||
| 300 | _a255-266 | ||
| 362 | 0 | _a2007 Vol. 22, no. 3 | |
| 653 | 0 | _aTRANSPORTE URBANO | |
| 653 | 0 | _aCONCIENCIA ECOLOGICA | |
| 653 | 0 | _aDILEMAS SOCIALES | |
| 700 | 1 |
_aRuiz, Juan Pedro, _ecoaut. |
|
| 700 | 1 |
_aCorraliza, José Antonio, _ecoaut. |
|
| 905 | _aArticulo | ||
| 999 |
_c128029 _d128029 |
||